Normal view
MARC view
- Shakil, Tayyaba Irum
Entry Personal Name
001 - CONTROL NUMBER
- control field: 120215
003 - CONTROL NUMBER IDENTIFIER
- control field: NUST
005 - DATE AND TIME OF LATEST TRANSACTION
- control field: 20240201155637.0
008 - FIXED-LENGTH DATA ELEMENTS
- fixed length control field: 240201|| aca||aabn | a|a d
040 ## - CATALOGING SOURCE
- Original cataloging agency: NUST
- Transcribing agency: NUST
100 ## - HEADING--PERSONAL NAME
- Personal name: Shakil, Tayyaba Irum
670 ## - SOURCE DATA FOUND
- Source citation: Work cat.: (NUST): Shakil, Tayyaba Irum, EXPLORING THE EXPERIENCES OF TELE-MIGRANTS: DRIVERS TO ADOPT TELE-MIGRATION AND THEIR PERFORMANCE/
